000 00684nam a2200241 a 4500
001 69216
003 BD-RjUL
005 20211209081848.0
008 170410s1971 enka b 001 0 eng
020 _a052108251X
_a0521096715 (pbk)
035 _a(BD-RjUL)69427
040 _aDLC
_cDLC
_dBD-RjUL
_beng
041 _aeng
082 0 0 _a570
_223
_bMIB 1971
100 1 _aMitchison, J. M.
_9205072
245 1 4 _aThe biology of the cell cycle /
_cJ. M. Mitchison.
260 _aCambridge :
_bUniversity Press,
_c1971.
300 _av, 313 p. :
_bill ;
_c24 cm.
504 _aIncludes index and bibliography
650 0 _aCell cycle.
_9205073
942 _2ddc
_cBK
999 _c69216
_d69216